000 00665nam a2200265Ia 4500
003 OSt
005 20221005062531.0
006 a|||||r|||| 00| 0
007 ta
008 221004b |||||||| |||| 00| 0 eng d
020 _a076196309X (pbk)
024 _a34321
037 _cTextual
040 _aCRL
_cCRL
_beng
041 _2eng
_aeng
082 _aR4,(S:86), P0
100 _aBond Tim
245 0 _aStandards and ethics for counselling in action
250 _a2nd
260 _aLondon
_bSage
_c2000
300 _a263p.
_ccm.
650 _aPHILOSOPHY
942 _hR4,(S:86), P0
_cTEXL
_2cc
999 _c969836
_d969836